[Event "TUR-ch (Women)"]
[Site "Gaziantep"]
[Date "2024.03.08"]
[Round "8"]
[White "Mustu, Hatice Asli"]
[Black "Tirpan, Ceren"]
[Result "1/2-1/2"]
[WhiteElo "1917"]
[BlackElo "1954"]
[PlyCount "136"]
[EventDate "2024.03.03"]
[EventType "swiss"]
[EventRounds "9"]
[EventCountry "TUR"]
[SourceTitle "CB11_2024"]
[SourceDate "2024.03.13"]
[SourceVersion "1"]
[SourceVersionDate "2024.03.13"]
[SourceQuality "1"]

1. d4 Nf6 2. Nf3 e6 3. c4 b6 4. g3 Ba6 5. b3 Bb4+ 6. Bd2 Be7 7. Bg2 0-0 8. 0-0 d5 9. Qc2 c6 10. Bc1 Nbd7 11. Bb2 Rc8 12. Nbd2 c5 13. Rac1 b5 14. cxb5 Bxb5 15. Rfe1 Ba6 16. Qb1 Qb6 17. Qa1 Bb7 18. e3 a5 19. Bf1 Rfd8 20. Rc2 Rc7 21. Rec1 Rdc8 22. Ne1 Ba6 23. Nd3 cxd4 24. Bxd4 Qb7 25. Rxc7 Rxc7 26. Rxc7 Qxc7 27. Qc3 Qd8 28. Qc6 Nb8 29. Qa8 Nfd7 30. Ne5 Bxf1 31. Nxf1 Nxe5 32. Bxe5 Nd7 33. Qxd8+ Bxd8 34. Bd6 f6 35. Nd2 Kf7 36. Kf1 e5 37. Ke2 Ke6 38. Ba3 Nb8 39. Nb1 Nc6 40. Nc3 d4 41. Nb5 Kd5 42. f3 f5 43. exd4 Nxd4+ 44. Nxd4 Kxd4 45. Bb2+ Kd5 46. g4 g6 47. h3 h5 48. gxf5 gxf5 49. Kd3 Bf6 50. Ke3 Bg5+ 51. Kd3 Bd8 52. Bc3 Bb6 53. Bb2 e4+ 54. fxe4+ fxe4+ 55. Ke2 Ke6 56. Bc1 Bc5 57. Be3 Bb4 58. Kf2 Kf5 59. Ke2 Ke5 60. Kf2 Bc3 61. Ke2 Kd5 62. Kf2 Be5 63. Bd2 Bc7 64. Be3 Kc6 65. Bd4 Kd5 66. Be3 Bd6 67. Ke2 Bc7 68. Kf2 Bd6 1/2-1/2

[Event "TUR-ch (Women)"]
[Site "Gaziantep"]
[Date "2024.03.03"]
[Round "1"]
[White "Mustu, Hatice Asli"]
[Black "Cankaya, Azra"]
[Result "1-0"]
[WhiteElo "1917"]
[BlackElo "1500"]
[PlyCount "63"]
[EventDate "2024.03.03"]
[EventType "swiss"]
[EventRounds "9"]
[EventCountry "TUR"]
[SourceTitle "CB11_2024"]
[SourceDate "2024.03.13"]
[SourceVersion "1"]
[SourceVersionDate "2024.03.13"]
[SourceQuality "1"]

1. d4 Nf6 2. Nf3 e6 3. c4 b6 4. g3 Bb7 5. Bg2 Bb4+ 6. Bd2 Bxd2+ 7. Nbxd2 d6 8. Qc2 Nbd7 9. 0-0 0-0 10. e4 e5 11. Rfe1 Re8 12. Rad1 Qe7 13. Nb1 h6 14. Nc3 a6 15. Nd5 Nxd5 16. exd5 Qf6 17. Re4 Qg6 18. Nh4 Qh7 19. Qd2 g5 20. dxe5 f5 21. Nxf5 Qxf5 22. e6 Nf6 23. Re3 Re7 24. Qd4 Qg6 25. Rf1 Rae8 26. h3 Bc8 27. f4 gxf4 28. Rxf4 Rf8 29. Be4 Nxe4 30. Rxf8+ Kxf8 31. Qh8+ Qg8 32. Rf3+ 1-0

[Event "TUR-ch (Women)"]
[Site "Izmir"]
[Date "2023.10.16"]
[Round "1"]
[White "Mustu, Hatice Asli"]
[Black "Tumer, Eylul"]
[Result "1-0"]
[WhiteElo "1899"]
[BlackElo "1311"]
[PlyCount "71"]
[EventDate "2023.10.16"]
[EventType "tourn"]
[EventRounds "9"]
[EventCountry "TUR"]
[SourceTitle "Mega2024 Update 01"]
[Source "Chessbase"]
[SourceDate "2023.11.12"]
[SourceVersion "1"]
[SourceVersionDate "2023.11.12"]
[SourceQuality "1"]

1. d4 Nf6 2. Nf3 g6 3. g3 Bg7 4. Bg2 0-0 5. 0-0 d5 6. c4 c6 7. Nbd2 Bf5 8. b3 Nbd7 9. Bb2 Ne4 10. Nh4 Nxd2 11. Qxd2 Be6 12. e4 Nb6 13. cxd5 cxd5 14. e5 Qd7 15. Ba3 Rfe8 16. Rac1 Rac8 17. Qa5 Bh6 18. Rxc8 Nxc8 19. Bc1 Bg7 20. Bd2 b6 21. Qa6 Bh3 22. Bxh3 Qxh3 23. Qb7 Qe6 24. Rc1 Rd8 25. Rc6 Qg4 26. Be3 Qd1+ 27. Kg2 Qg4 28. h3 Qe4+ 29. Kh2 Nd6 30. Qxe7 Re8 31. Qxd6 h5 32. Qd7 Rb8 33. Rc7 Rf8 34. e6 Qxe6 35. Qxe6 fxe6 36. Nxg6 1-0

[Event "EU-ch U16 Girls 30th"]
[Site "Antalya"]
[Date "2022.11.13"]
[Round "8"]
[White "Mustu, Hatice Asli"]
[Black "Shvedova, Alexandra"]
[Result "0-1"]
[WhiteElo "1876"]
[BlackElo "2090"]
[PlyCount "194"]
[EventDate "2022.11.06"]
[EventType "swiss"]
[EventRounds "9"]
[EventCountry "TUR"]
[SourceTitle "CBM 211 Extra"]
[Source "ChessBase"]
[SourceDate "2023.01.31"]
[SourceVersion "1"]
[SourceVersionDate "2023.01.31"]
[SourceQuality "1"]

1. d4 Nf6 2. c4 e6 3. Nf3 d5 4. g3 dxc4 5. Bg2 c6 6. Ne5 Bb4+ 7. Bd2 Be7 8. e3 b5 9. Nxc6 Nxc6 10. Bxc6+ Bd7 11. Bg2 Rc8 12. 0-0 0-0 13. b3 b4 14. bxc4 Rxc4 15. Qb3 Qc7 16. Rd1 Rb8 17. Bf1 Rc6 18. Bd3 Qb6 19. Be1 Nd5 20. Nd2 Nc3 21. Rdc1 Rbc8 22. Qb2 Qc7 23. Nb3 a5 24. d5 exd5 25. Nd4 Rb6 26. Rab1 Rbb8 27. Qc2 Qa7 28. Bxc3 Rxc3 29. Qe2 Qc7 30. Rxc3 Qxc3 31. Bc2 g6 32. Bb3 Bf6 33. Qf3 Bxd4 34. Qxd5 Be6 35. Qxd4 Qxd4 36. exd4 Bxb3 37. axb3 Rd8 38. Rd1 f5 39. f4 Kf7 40. Kf2 Ke6 41. Ke3 Rc8 42. Ra1 Rc3+ 43. Kd2 Kd5 44. Rxa5+ Kxd4 45. Ra7 h5 46. Ra6 Rxb3 47. Kc2 Rc3+ 48. Kb2 Re3 49. Rxg6 Re2+ 50. Kb3 Rxh2 51. Rg5 Ke4 52. Kxb4 h4 53. gxh4 Rxh4 54. Kc3 Kxf4 55. Rg8 Ke3 56. Rg3+ Kf2 57. Rg8 Re4 58. Kd3 Re3+ 59. Kd2 f4 60. Rg7 f3 61. Rh7 Re2+ 62. Kd1 Re8 63. Rg7 Rd8+ 64. Kc2 Ke2 65. Re7+ Kf1 66. Rg7 f2 67. Rg6 Rd4 68. Kc3 Ke1 69. Re6+ Kd1 70. Kxd4 f1Q 71. Re4 Kd2 72. Ke5 Qf3 73. Kd4 Qc3+ 74. Kd5 Kd3 75. Rh4 Qa5+ 76. Ke6 Qg5 77. Ra4 Kc3 78. Re4 Qg6+ 79. Ke5 Kd3 80. Rd4+ Ke3 81. Rc4 Qe8+ 82. Kd5 Qb5+ 83. Rc5 Qd3+ 84. Ke6 Kf4 85. Rd5 Qa6+ 86. Kd7 Qb7+ 87. Kd6 Qb6+ 88. Kd7 Kg4 89. Rd6 Qb5+ 90. Kc7 Kf5 91. Rc6 Ke5 92. Rh6 Qe8 93. Rh1 Qf7+ 94. Kc8 Qc4+ 95. Kb8 Qb5+ 96. Ka7 Qa5+ 97. Kb8 Qb6+ 0-1

[Event "World ol U16"]
[Site "Nakhchivan"]
[Date "2022.10.10"]
[Round "9.1"]
[White "Mustu, Hatice Asli"]
[Black "Boramanikar, Tanisha S"]
[Result "1-0"]
[WhiteElo "1826"]
[BlackElo "1740"]
[PlyCount "83"]
[EventDate "2022.10.02"]
[EventType "team-swiss"]
[EventRounds "9"]
[EventCountry "AZE"]
[SourceTitle "CBM 210 Extra"]
[Source "ChessBase"]
[SourceDate "2022.11.30"]
[SourceVersion "1"]
[SourceVersionDate "2022.11.30"]
[SourceQuality "1"]
[WhiteTeam "Turkey Red"]
[BlackTeam "India"]
[WhiteTeamCountry "TUR"]
[BlackTeamCountry "IND"]

1. d4 Nf6 2. Nf3 b6 3. g3 Bb7 4. Bg2 e6 5. 0-0 Be7 6. c4 0-0 7. d5 exd5 8. Nh4 c6 9. cxd5 Nxd5 10. Nf5 Nf6 11. e4 Kh8 12. Nc3 d5 13. Bg5 h6 14. exd5 hxg5 15. d6 Bxd6 16. Nxd6 Qd7 17. Nce4 Nxe4 18. Bxe4 g6 19. Qd4+ Kh7 20. Qf6 Qd8 21. Qxd8 Rxd8 22. Nxb7 Rd7 23. Rad1 Rxb7 24. Rd8 Rc7 25. Rfd1 a5 26. Re8 a4 27. Rdd8 a3 28. b3 Rb7 29. Bxc6 Nxc6 30. Rxa8 Na5 31. Reb8 Kg7 32. Rxb7 Nxb7 33. Rxa3 Na5 34. b4 Nc4 35. Rc3 Nb2 36. Rc6 Na4 37. Kf1 Kf8 38. Ke2 Ke8 39. Kd3 Kd7 40. b5 Nc5+ 41. Rxc5 bxc5 42. Kc4 1-0

[Event "World ol U16"]
[Site "Nakhchivan"]
[Date "2022.10.02"]
[Round "1.5"]
[White "Dasgupta, Avyukt"]
[Black "Mustu, Hatice Asli"]
[Result "1-0"]
[WhiteElo "1741"]
[BlackElo "1826"]
[PlyCount "115"]
[EventDate "2022.10.02"]
[EventType "team-swiss"]
[EventRounds "9"]
[EventCountry "AZE"]
[SourceTitle "CBM 210 Extra"]
[Source "ChessBase"]
[SourceDate "2022.11.30"]
[SourceVersion "1"]
[SourceVersionDate "2022.11.30"]
[SourceQuality "1"]
[WhiteTeam "England"]
[BlackTeam "Turkey Red"]
[WhiteTeamCountry "ENG"]
[BlackTeamCountry "TUR"]

1. d4 Nf6 2. c3 d5 3. Bf4 e6 4. e3 Bd6 5. Bxd6 Qxd6 6. Nf3 Nbd7 7. Nbd2 b6 8. Bd3 Bb7 9. 0-0 Ne4 10. Qc2 f5 11. Ne1 0-0 12. f4 Ndf6 13. Nef3 Ng4 14. Rae1 Qe7 15. h3 Nh6 16. Ne5 g5 17. Bxe4 dxe4 18. Qd1 gxf4 19. Rxf4 Qg5 20. Qa4 Rfd8 21. Qc4 Qe7 22. Qe2 Nf7 23. Ndc4 Nd6 24. Qh5 Qg7 25. Kh2 Ba6 26. Nd2 Kh8 27. g4 Rg8 28. Rg1 Raf8 29. g5 Nf7 30. Nxf7+ Rxf7 31. Nxe4 Be2 32. Qxe2 fxe4 33. Rxe4 Rgf8 34. Rg2 Rf3 35. Qe1 Qd7 36. Qh4 Qd6+ 37. Re5 R8f7 38. g6 Rg7 39. Qe4 Rf5 40. Qa8+ Rf8 41. Qe4 hxg6 42. Rxg6 Rh7 43. Rgxe6 Qd7 44. Qg2 Rg8 45. Qf3 Qg7 46. Qf6 Rf8 47. Qxg7+ Rxg7 48. Re8 Rgf7 49. Rxf8+ Rxf8 50. Kg2 Rf7 51. e4 Kg7 52. Rg5+ Kh6 53. Rf5 Rg7+ 54. Kf2 Kg6 55. h4 Kh6 56. e5 Rg4 57. e6 Re4 58. Re5 1-0

[Event "TUR-ch U13-U18 Girls"]
[Site "Antalya"]
[Date "2020.01.21"]
[Round "4"]
[White "Mustu, Hatice Asli"]
[Black "Kayis, Gulcan Sena"]
[Result "1-0"]
[WhiteElo "1829"]
[BlackElo "1542"]
[PlyCount "101"]
[EventDate "2020.01.19"]
[EventType "swiss"]
[EventRounds "11"]
[EventCountry "TUR"]
[SourceTitle "CBM 195 Extra"]
[Source "ChessBase"]
[SourceDate "2020.05.31"]
[SourceVersion "1"]
[SourceVersionDate "2020.05.31"]
[SourceQuality "1"]

1. d4 Nf6 2. Bg5 Ne4 3. Bf4 d5 4. Nd2 Nxd2 5. Qxd2 Bf5 6. Nf3 e6 7. e3 Bd6 8. Bg3 0-0 9. c3 Nd7 10. Bd3 Qf6 11. Qc2 Bg6 12. 0-0 e5 13. Bxg6 hxg6 14. dxe5 Nxe5 15. Nxe5 Bxe5 16. Qb3 Bxg3 17. hxg3 Qc6 18. Rfd1 Rfd8 19. Rd4 Rd7 20. Rad1 Rad8 21. R1d2 b6 22. Qd1 Rd6 23. Qf3 R8d7 24. c4 Rf6 25. cxd5 Rxf3 26. dxc6 Rxd4 27. exd4 Rf6 28. d5 Rd6 29. a4 a5 30. Kf1 f5 31. Ke2 Kf7 32. Ke3 Kf6 33. Kd4 g5 34. Re2 Kf7 35. Re5 g6 36. f4 g4 37. Re1 Rf6 38. Ke5 Rd6 39. Rh1 Kg7 40. Kd4 Rf6 41. Kc4 Rd6 42. Rd1 Kf7 43. Kb5 Ke7 44. Re1+ Kd8 45. Kc4 g5 46. Re6 Rxe6 47. dxe6 gxf4 48. gxf4 Ke7 49. Kd5 Kf6 50. g3 Ke7 51. Ke5 1-0

[Event "TUR-chT2"]
[Site "Konya"]
[Date "2018.07.14"]
[Round "8.3"]
[White "Mustu, Hatice Asli"]
[Black "Hekimoglu, Mihriban"]
[Result "1-0"]
[WhiteElo "1611"]
[BlackElo "1467"]
[PlyCount "133"]
[EventDate "2018.07.10"]
[EventType "team-swiss"]
[EventRounds "9"]
[EventCountry "TUR"]
[SourceTitle "EXT 2019"]
[Source "ChessBase"]
[SourceDate "2018.10.10"]
[SourceVersion "1"]
[SourceVersionDate "2018.10.10"]
[SourceQuality "1"]
[WhiteTeam "Izmir Apaydin Dernegi"]
[BlackTeam "Mugla Dalaman"]
[WhiteTeamCountry "TUR"]
[BlackTeamCountry "TUR"]

1. d4 d5 2. Bf4 Nf6 3. e3 Bf5 4. Nf3 e6 5. Ne5 Bd6 6. h3 Bxe5 7. dxe5 Nfd7 8. Bg3 0-0 9. Bd3 Bg6 10. Bxg6 fxg6 11. 0-0 Qg5 12. Bh2 Nc6 13. f4 Qe7 14. c3 Qc5 15. Qe2 Ne7 16. Nd2 Nf5 17. Rfe1 Qb6 18. Nb3 c5 19. Kh1 a5 20. Rad1 a4 21. Nc1 c4 22. e4 Ne7 23. exd5 Nxd5 24. Qxc4 Qxb2 25. Rxd5 Nb6 26. Qb5 a3 27. Rc5 Na4 28. Qxb2 axb2 29. Rb5 bxc1Q 30. Rxc1 Rfc8 31. c4 Nc5 32. Rc2 Ra6 33. Bg1 b6 34. g3 Nd7 35. Rd2 Rc7 36. Rd6 Rxa2 37. Bxb6 Nxb6 38. Rbxb6 Kf7 39. Rdc6 Rd7 40. Rb1 g5 41. f5 Re7 42. fxe6+ Rxe6 43. Rf1+ Ke7 44. Rc7+ Ke8 45. Rb1 Re7 46. Rbb7 Ra1+ 47. Kg2 Ra2+ 48. Kf3 Ra3+ 49. Kg4 h5+ 50. Kxh5 Rxc7 51. Rxc7 Rxg3 52. Rxg7 Rxh3+ 53. Kxg5 Kd8 54. Kf6 Rc3 55. Rg4 Rf3+ 56. Ke6 Re3 57. c5 Kc7 58. Kd5 Rd3+ 59. Rd4 Rh3 60. Kc4 Rh5 61. Kd5 Rg5 62. Rf4 Kd7 63. c6+ Ke8 64. Kd6 Rg6+ 65. e6 Rh6 66. Ra4 Kf8 67. c7 1-0

[Event "EU-ch U10 Girls 27th"]
[Site "Mamaia"]
[Date "2017.09.14"]
[Round "9"]
[White "Mustu, Hatice Asli"]
[Black "Andrukhovich, Elizaveta"]
[Result "0-1"]
[WhiteElo "1365"]
[BlackElo "1465"]
[PlyCount "82"]
[EventDate "2017.09.05"]
[EventType "swiss"]
[EventRounds "9"]
[EventCountry "ROU"]
[SourceTitle "CBM 180 Extra"]
[Source "ChessBase"]
[SourceDate "2017.10.06"]
[SourceVersion "1"]
[SourceVersionDate "2017.10.06"]
[SourceQuality "1"]

1. d4 d5 2. Bf4 Nf6 3. Nf3 c5 4. c3 e6 5. e3 Bd6 6. Ne5 Nc6 7. Bb5 Bd7 8. Nxf7 Kxf7 9. Bxd6 cxd4 10. exd4 Nxd4 11. Bxd7 Qxd7 12. Bg3 Nf5 13. 0-0 Nxg3 14. fxg3 Rhf8 15. Nd2 Kg8 16. Kh1 e5 17. Nf3 e4 18. Nd4 Ng4 19. Rxf8+ Rxf8 20. Kg1 Rf2 21. Qc1 e3 22. h3 e2 23. Qg5 Nf6 24. Re1 Qa4 25. Ne6 Rf1+ 26. Kh2 g6 27. Qh6 Nh5 28. Ng5 Qd1 29. Qxh7+ Kf8 30. Qh8+ Ke7 31. Qe5+ Kd7 32. Qe6+ Kc7 33. Qe7+ Kc6 34. Qe6+ Kb5 35. Qd7+ Kc4 36. Qg4+ Kd3 37. Qd4+ Kc2 38. Qa4+ Kb1 39. Rxd1+ exd1Q 40. Qxd1+ Rxd1 41. g4 Nf4 0-1

[Event "EU-ch U10 Girls 27th"]
[Site "Mamaia"]
[Date "2017.09.09"]
[Round "5"]
[White "Pawicka, Magdalena"]
[Black "Mustu, Hatice Asli"]
[Result "1/2-1/2"]
[WhiteElo "1826"]
[BlackElo "1365"]
[PlyCount "49"]
[EventDate "2017.09.05"]
[EventType "swiss"]
[EventRounds "9"]
[EventCountry "ROU"]
[SourceTitle "CBM 180 Extra"]
[Source "ChessBase"]
[SourceDate "2017.10.06"]
[SourceVersion "1"]
[SourceVersionDate "2017.10.06"]
[SourceQuality "1"]

1. e4 c5 2. Nf3 e6 3. d4 cxd4 4. Nxd4 Nf6 5. Nc3 d6 6. Bd3 a6 7. 0-0 Be7 8. Qe2 0-0 9. Be3 b6 10. Rae1 Bb7 11. f4 Nbd7 12. Nb3 b5 13. a3 Nc5 14. Bf2 Nxd3 15. cxd3 Rc8 16. Nd4 Re8 17. g4 Nd7 18. g5 e5 19. Nf5 exf4 20. Nxe7+ Qxe7 21. h4 Ne5 22. Bd4 f3 23. Qe3 Qe6 24. Rxf3 Nxf3+ 25. Qxf3 1/2-1/2